00402nam a2200145Ia 4500003000400000005001700004008004100021040000900062082001500071100002200086245005400108260006000162300000900222650002500231OSt20201124121105.0190216s9999||||xx |||||||||||||| ||und|| coclc a920bNEH/O aNehru, Jawaharlal 0aOrachan Magalkayacha Kathukal /cJawaharlal Nehru bMathrubhumi Printing And publishing,aKozhikode:c1950. a105p aMalayalam Charithram